000 00308nam a22001337a 4500
003 SGT
082 _a617.6342
_bR10A
100 _aARORA, SONIA
245 _aRETREATMENT -CONSERVATIVE
260 _aDELHI NCR
_bSGTU GURUGRAM
_c2010
300 _a1-196
650 _aCONSERVATIVE DENTISTRY
942 _2ddc
_cTH
999 _c17962
_d17962